00346nam a22001337a 4500020001800000082001500018100001500033245006600048250001700114260003400131300001100165563000800176650002800184 a9781138581012 a128.2bHEI aHeil, John aPhilosophy of Mind:ba contemporary introduction /cJohn Heil a4th Edition. aNew York :bRoutledge,c2020. a263 p. aPB. aLaw, Philosophy of Mind